History - European | 2 | 4 | 0 | 0 | 70 | 41 | 71.83 | 0 | 1 |
RMP - Islam | 1 | 2 | 0 | 0 | 35 | 69 | 78.00 | 0 | 0 |
History - World | 0 | 3 | 0 | 0 | 30 | 63 | 87.67 | 0 | 0 |
Other - Other Academic and General Knowledge | 1 | 1 | 0 | 0 | 25 | 51 | 78.50 | 0 | 0 |
History - Cross, Historiography, and Miscellaneous | 0 | 2 | 0 | 0 | 20 | 101 | 111.50 | 0 | 0 |
History - American | 0 | 2 | 0 | 0 | 20 | 61 | 75.50 | 0 | 0 |
RMP - Hebrew Bible | 1 | 0 | 0 | 0 | 15 | 73 | 73.00 | 0 | 0 |
Social Science - Psychology | 0 | 1 | 0 | 0 | 10 | 86 | 86.00 | 0 | 0 |
Fine Arts - Painting | 0 | 1 | 0 | 0 | 10 | 105 | 105.00 | 0 | 0 |
Fine Arts - Photography | 0 | 1 | 0 | 0 | 10 | 132 | 132.00 | 0 | 0 |
Geography - Europe | 0 | 1 | 0 | 0 | 10 | 71 | 71.00 | 0 | 0 |
Literature - World and Miscellaneous | 0 | 1 | 0 | 0 | 10 | 86 | 86.00 | 0 | 0 |
RMP - Christian Practice | 0 | 1 | 0 | 0 | 10 | 126 | 126.00 | 0 | 0 |
RMP - Greco-Roman Mythology | 0 | 1 | 0 | 0 | 10 | 131 | 131.00 | 0 | 0 |
RMP - Other Religion | 0 | 1 | 0 | 0 | 10 | 88 | 88.00 | 0 | 0 |
Science - Earth | 0 | 1 | 0 | 0 | 10 | 115 | 115.00 | 0 | 0 |
Current Events - World | 0 | 1 | 0 | 0 | 10 | 76 | 76.00 | 0 | 0 |
RMP - Hinduism | 0 | 0 | 0 | 0 | 0 | | 0.00 | 0 | 0 |
RMP - Jewish Practice | 0 | 0 | 0 | 0 | 0 | | 0.00 | 0 | 0 |
RMP - World Mythology | 0 | 0 | 0 | 0 | 0 | | 0.00 | 0 | 0 |